Exercices et problèmes de recherche opérationnelle
Guardado en:
| Autor Principal: | |
|---|---|
| Formato: | Libro |
| Idioma: | French |
| Publicado: |
Paris :
Dunod,
1964.
|
| Materias: | |
| Etiquetas: |
Agregar Etiqueta
Sin Etiquetas, Sea el primero en etiquetar este registro!
|
| LEADER | 00583cam a2200181ua 4500 | ||
|---|---|---|---|
| 001 | MAT.inmabb005542 | ||
| 008 | 820623s1964####fr#a##########000#0#fre## | ||
| 005 | 20170823143053.0 | ||
| 245 | 1 | 0 | |a Exercices et problèmes de recherche opérationnelle |
| 260 | |a Paris : |b Dunod, |c 1964. | ||
| 300 | |a x, 350 p. : |b il. ; |c 24 cm. | ||
| 510 | 4 | |a MR, |c 34 #1074 | |
| 100 | 1 | |a Desbazeille, G. |q (Gérard) | |
| 650 | 0 | |a Operations research |x Examinations, questions, etc. [from old catalog] | |
| 084 | |a 90.30 |2 MR | ||
| 010 | |a 64051356 | ||
| 040 | |a DLC |c CarP |d DLC | ||
| 859 | |h 90 |i D443 |p A-2716 |b BIB. MATEMATICA | ||
